[Event "51. Miedzynarodowy Festiwal Szachowy im. Akiby Rubinsteina - OPEN B"]
[Site "Polanica-Zdroj"]
[Date "1899-12-30"]
[Round "1.1"]
[White "Widla, Piotr"]
[Black "Antoniewski, Rafal"]
[Result "0-1"]
[WhiteTitle "I++"]
[BlackTitle "GM"]
[WhiteElo "2009"]
[BlackElo "2531"]

1. e4 c6 2. d4 d5 3. f3 e6 4. Nc3 Bb4 5. Bf4 Ne7 6. Nge2 O-O 7. a3 Ba5 8. Qd2 Nd7
9. h4 dxe4 10. fxe4 e5 11. dxe5 Bc7 12. O-O-O Ng6 13. e6 fxe6 14. Bd6 Rf7 15.
h5 Nge5 16. Nf4 Nf8 17. Bxc7 Qxc7 18. g3 b5 19. Qd8 Qxd8 20. Rxd8 Rd7 21. Rxd7
Bxd7 22. Bh3 Kf7 23. Rf1 Ke7 24. Nce2 c5 25. Nd3 Nxd3+ 26. cxd3 Be8 27. Nf4 Rd8
28. Kc2 Bf7 29. Bg4 Nd7 30. Be2 Ne5 31. Nh3 h6 32. g4 Nc6 33. Kd2 e5 34. Rc1 Kd6
35. Ke3 a5 36. Ng1 Be6 37. g5 Nd4 38. gxh6 gxh6 39. Nf3 Nxf3 40. Bxf3 Rg8 41.
Rh1 Rg5 42. Kf2 Rg7 43. Rh4 b4 44. axb4 cxb4 45. Bd1 Kc5 46. Rh2 Kd4 47. Bc2 Rc7
48. Ke1 b3 49. Bd1 Rc1 50. Kd2 Rb1 51. Rh1 Rxb2+ 52. Kc1 Rf2 53. Rg1 a4 54. Rg6
a3 0-1

[Event "51. Miedzynarodowy Festiwal Szachowy im. Akiby Rubinsteina - OPEN B"]
[Site "Polanica-Zdroj"]
[Date "1899-12-30"]
[Round "1.2"]
[White "Malaniuk, Vladimir P"]
[Black "Daniel, Damian"]
[Result "1-0"]
[WhiteTitle "GM"]
[BlackTitle "I+"]
[WhiteElo "2485"]
[BlackElo "2008"]

1. d4 d5 2. c4 e6 3. Nf3 Nf6 4. Nc3 c6 5. e3 Bd6 6. Bd3 Nbd7 7. e4 dxe4 8. Nxe4
Nxe4 9. Bxe4 e5 10. O-O h6 11. Bc2 O-O 12. Qd3 f5 13. c5 Bc7 14. dxe5 Nxe5 15.
Qb3+ Kh8 16. Bf4 Be6 17. Qc3 Nxf3+ 18. Qxf3 Bd5 19. Bxc7 Qxc7 20. Qc3 Rae8 21.
Rfe1 Qf4 22. a3 Qg5 23. f3 Rxe1+ 24. Rxe1 Rd8 25. Qe3 Qg6 26. Qe7 Rb8 27. Kf2
Qh5 28. h3 Bf7 29. Qd6 Rg8 30. Re7 Re8 31. Rxe8+ 1-0

[Event "51. Miedzynarodowy Festiwal Szachowy im. Akiby Rubinsteina - OPEN B"]
[Site "Polanica-Zdroj"]
[Date "1899-12-30"]
[Round "1.3"]
[White "Domanski, Lukasz"]
[Black "Sergeev, Vladimir"]
[Result "0-1"]
[WhiteTitle "I+"]
[BlackTitle "GM"]
[WhiteElo "2002"]
[BlackElo "2452"]

1. e4 Nf6 2. Nc3 d5 3. exd5 Nxd5 4. Bc4 Nxc3 5. Qf3 e6 6. bxc3 Nd7 7. Qg3 Nb6 8.
Be2 Qd6 9. Nf3 Qxg3 10. hxg3 Bd7 11. d3 Ba4 12. Kd2 O-O-O 13. Bb2 Be7 14. Ne5
Be8 15. f4 f6 16. Nf3 c5 17. Rae1 Nc4+ 18. Kc1 Nxb2 19. Kxb2 Bc6 20. Rd1 Bd6 21.
d4 Bd5 22. Rhe1 Rhe8 23. Bf1 h6 24. Ng1 g5 25. Nh3 a6 26. Re3 c4 27. Rde1 g4 28.
Nf2 f5 29. a4 h5 30. Nd1 b5 31. axb5 axb5 32. R3e2 Kd7 33. Ne3 Be4 34. Ra1 Ra8
35. Ree1 Kc6 36. Be2 h4 37. gxh4 Rxa1 38. Kxa1 Bxf4 39. Bf1 Rh8 40. Kb2 Rxh4 41.
Nd1 g3 0-1

[Event "51. Miedzynarodowy Festiwal Szachowy im. Akiby Rubinsteina - OPEN B"]
[Site "Polanica-Zdroj"]
[Date "1899-12-30"]
[Round "1.5"]
[White "Czachor, Radoslaw"]
[Black "Kowalczyk, Pawel"]
[Result "0-1"]
[WhiteTitle "I++"]
[BlackTitle "I++"]
[WhiteElo "1994"]
[BlackElo "2352"]

1. Nf3 Nf6 2. b3 e6 3. e3 c5 4. Bb2 Nc6 5. Be2 d5 6. O-O Bd6 7. d4 O-O 8. c4 cxd4
9. cxd5 Nxd5 10. Nxd4 Bd7 11. Nd2 Rc8 12. Rc1 a6 13. Nc4 Bb8 14. Bd3 Qh4 15. Nf3
Qh6 16. Qe2 f6 17. Ba3 Rfd8 18. Bd6 Ba7 19. Bg3 Ncb4 20. Nd6 Rxc1 21. Rxc1 Nxd3
22. Qxd3 b5 23. Nf5 Qh5 24. e4 exf5 25. exd5 Qf7 26. Qd2 Be8 27. d6 Bb6 28. Re1
Bc6 29. Nh4 Be4 30. Kh1 g5 31. f3 gxh4 32. Bxh4 Bc6 33. Qf4 Re8 34. Rxe8+ Bxe8
35. Qxf5 Bd7 36. Qe4 Qe6 37. Qxe6+ Bxe6 38. Bxf6 Kf7 39. Be5 Bd5 40. h4 Ke6 41.
f4 Bc5 42. Kh2 Bxd6 43. Bxd6 Kxd6 44. g4 b4 45. Kg3 Be4 0-1

[Event "51. Miedzynarodowy Festiwal Szachowy im. Akiby Rubinsteina - OPEN B"]
[Site "Polanica-Zdroj"]
[Date "1899-12-30"]
[Round "1.6"]
[White "Stoma, Pawel"]
[Black "Szewczyk, Grzegorz"]
[Result "1-0"]
[WhiteTitle "m"]
[BlackTitle "I++"]
[WhiteElo "2346"]
[BlackElo "1989"]

1. e4 e5 2. Nf3 Nc6 3. Bb5 a6 4. Ba4 Nf6 5. d3 b5 6. Bb3 Bc5 7. Nbd2 O-O 8. c3
h6 9. h3 Re8 10. O-O d6 11. a4 Be6 12. Re1 Bb6 13. Bxe6 Rxe6 14. Nf1 Rb8 15. axb5
axb5 16. Ng3 d5 17. Qe2 dxe4 18. dxe4 Ne8 19. Nf5 Nd6 20. N3h4 Ne7 21. Qg4 Ng6
22. Be3 Qf6 23. Bxb6 Rxb6 24. Nxg6 fxg6 25. Ra8+ Kh7 26. Ne3 h5 27. Qe2 c6 28.
Rd1 Nf7 29. Rd7 Re7 30. Qd2 Rb7 31. Rd3 Ra7 32. Rxa7 Rxa7 33. Nc2 Qe7 34. Nb4
Rc7 35. Kh2 Ng5 36. f3 Nf7 37. Qe3 h4 38. Rd1 Nd8 39. Rd3 Ne6 40. Rd1 Nf4 41.
Qf2 Qf6 42. Nc2 Nh5 43. Ne3 Qf4+ 44. Kg1 Ng3 45. Ng4 Qg5 46. Qc5 Re7 47. Qxc6
Ne2+ 48. Kf2 Nf4 49. Qxb5 Nh5 50. Qc5 Rb7 51. b4 Re7 52. b5 Re8 53. b6 Qf4 54.
Kg1 Ng3 55. b7 Rf8 56. Qxe5 1-0

[Event "51. Miedzynarodowy Festiwal Szachowy im. Akiby Rubinsteina - OPEN B"]
[Site "Polanica-Zdroj"]
[Date "1899-12-30"]
[Round "1.7"]
[White "Koziej, Maciej"]
[Black "Sabuk, Piotr"]
[Result "0-1"]
[WhiteTitle "I++"]
[BlackTitle "k+"]
[WhiteElo "1985"]
[BlackElo "2340"]

1. e4 e5 2. Nf3 Nc6 3. Nc3 g6 4. d4 exd4 5. Nxd4 Bg7 6. Be3 Nf6 7. Qd2 O-O 8. O-O-O
Re8 9. f3 d5 10. Bb5 Bd7 11. exd5 Nxd4 12. Bxd4 Bxb5 13. Nxb5 Qxd5 14. Nxc7 Qxa2
15. c3 Rac8 16. Nxe8 Nd5 17. b4 Qa1+ 18. Kc2 Qa2+ 19. Kc1 Qa1+ 20. Kc2 Qa4+ 21.
Kb2 Rxc3 22. Qxc3 Nxc3 23. Kxc3 Qxe8 24. Bxg7 Kxg7 25. Rhe1 Qa4 26. Rd2 a5 27.
bxa5 Qxa5+ 28. Kd3 Qd5+ 29. Kc2 Qc4+ 30. Kd1 Qa4+ 31. Ke2 Qc4+ 32. Kf2 Qh4+ 33.
Kf1 Qxh2 34. Re4 Qc7 35. Rb4 Qc1+ 36. Ke2 b6 37. Rdb2 Qg1 38. Kd3 Kf6 39. Rxb6+
Kg5 40. R6b5+ f5 41. Rb7 h5 42. R7b6 Qf1+ 43. Kd4 h4 44. Ke5 h3 45. gxh3 Qxf3
46. R2b3 Qe4+ 47. Kd6 f4 48. R6b4 Qe8 49. Rd4 Qf8+ 50. Kc6 f3 51. Rg4+ Kh5 52.
Rb5+ Kh6 53. Rh4+ Kg7 54. Rb7+ Kg8 55. Rbh7 Qf6+ 56. Kd5 f2 0-1

[Event "51. Miedzynarodowy Festiwal Szachowy im. Akiby Rubinsteina - OPEN B"]
[Site "Polanica-Zdroj"]
[Date "1899-12-30"]
[Round "1.8"]
[White "Swicarz, Maciej"]
[Black "Kaczmarska, Joanna"]
[Result "1/2-1/2"]
[WhiteTitle "m"]
[BlackTitle "k"]
[WhiteElo "2300"]
[BlackElo "1983"]

1. e4 e5 2. Nf3 Nc6 3. c3 d5 4. Qa4 Qd6 5. exd5 Qxd5 6. Bc4 Qe4+ 7. Kd1 Be6 8.
Bb5 Qxa4+ 9. Bxa4 f6 10. Bxc6+ bxc6 11. d3 c5 12. Nbd2 O-O-O 13. Ke2 g5 14. h3
Bf5 15. Ne1 h5 16. f3 Be6 17. b3 Ne7 18. Ne4 Nd5 19. g3 Be7 20. c4 Nb6 21. Be3
Nd7 22. Nc2 Bf5 23. Bf2 g4 24. hxg4 hxg4 25. Ne3 gxf3+ 26. Kxf3 Be6 27. g4 Nb8
28. Nf5 Bxf5 29. gxf5 Rxd3+ 30. Ke2 Rdh3 31. Rxh3 Rxh3 32. Rg1 Nd7 33. Rg8+ Bd8
34. Nxc5 Nxc5 35. Bxc5 Kd7 36. Bxa7 Rh5 37. c5 Be7 38. Rg7 Rxf5 39. c6+ Ke6 40.
b4 Bd6 41. b5 Kd5 42. Rg1 Rh5 43. Rd1+ Ke6 44. Rc1 Rh8 45. a4 Ra8 46. b6 cxb6
47. Bxb6 Rxa4 48. c7 Bxc7 49. Rxc7 f5 50. Rc6+ Kd5 51. Rc5+ Ke4 52. Bc7 Ra2+ 53.
Ke1 Kf3 54. Bxe5 Re2+ 55. Kf1 Re3 56. Bc3 f4 57. Rc4 Re4 58. Rc8 Re3 59. Be1 Ra3
60. Rh8 Ra2 61. Rh3+ Ke4 62. Rb3 Rc2 63. Ba5 Ra2 64. Bc3 Rc2 65. Ke1 Rh2 66. Ba5
Rh1+ 67. Kf2 Rh2+ 68. Kg1 Rc2 69. Bb6 Rc4 70. Bf2 Ra4 71. Rc3 Ra8 72. Rc2 Kf3
73. Kf1 Ra1+ 74. Be1 Rb1 75. Rf2+ Ke4 76. Ke2 Rb2+ 77. Bd2 f3+ 78. Kd1 Rb1+ 79.
Kc2 Rb8 80. Rh2 Rc8+ 81. Kd1 Rg8 82. Be1 Rg2 83. Rh8 f2 84. Re8+ Kf3 85. Rf8+
Kg3 86. Ke2 fxe1=Q+ 87. Kxe1 1/2-1/2

[Event "51. Miedzynarodowy Festiwal Szachowy im. Akiby Rubinsteina - OPEN B"]
[Site "Polanica-Zdroj"]
[Date "1899-12-30"]
[Round "1.9"]
[White "Wacior, Maciej"]
[Black "Kulas, Szymon"]
[Result "0-1"]
[WhiteTitle "I++"]
[BlackTitle "k"]
[WhiteElo "1968"]
[BlackElo "2266"]

1. d4 g6 2. Nf3 Bg7 3. Bf4 d6 4. e3 Nd7 5. c3 e5 6. Bg3 Nh6 7. h3 Nf5 8. Bh2 Qe7
9. g4 Nh4 10. Nxh4 Qxh4 11. Bg3 Qe7 12. Bg2 O-O 13. Na3 Nb6 14. Qd2 c6 15. O-O-O
Be6 16. Kb1 f5 17. dxe5 dxe5 18. Qd6 Qf7 19. gxf5 Bxf5+ 20. Ka1 Rfe8 21. Qd2 Bf8
22. Nb1 Be6 23. b3 a5 24. h4 a4 25. b4 Red8 26. Qe2 Bc4 27. Qf3 Qg7 28. e4 c5
29. Qe3 Rxd1 30. Rxd1 Bb3 31. Rh1 Nc4 32. Qe1 Qf7 33. Bf1 Bxa2 34. Bxc4 Qxc4 35.
Bxe5 Bxb1 36. Qxb1 Re8 37. f4 Bg7 38. Rc1 Bxe5 39. fxe5 Rxe5 40. bxc5 Rxe4 41.
h5 Re2 42. hxg6 h5 43. Rc2 Rxc2 44. Qxc2 Qf1+ 45. Ka2 Qc4+ 46. Ka1 Qxc5 47. Qa2+
Kh8 48. Qc2 Qa3+ 49. Kb1 Qb3+ 50. Qxb3 axb3 0-1

[Event "51. Miedzynarodowy Festiwal Szachowy im. Akiby Rubinsteina - OPEN B"]
[Site "Polanica-Zdroj"]
[Date "1899-12-30"]
[Round "1.10"]
[White "Kocwin, Bartosz"]
[Black "Kokoszczynski, Jan"]
[Result "1-0"]
[WhiteTitle "FM"]
[BlackTitle "I++"]
[WhiteElo "2250"]
[BlackElo "1966"]

1. Nf3 d5 2. g3 c5 3. Bg2 Nc6 4. d4 cxd4 5. Nxd4 e6 6. O-O Nf6 7. c4 Qb6 8. Nc2
dxc4 9. Ne3 Qa6 10. Nd2 c3 11. bxc3 Be7 12. Ndc4 O-O 13. a4 Rd8 14. Qb3 Nd5 15.
Rd1 Nxe3 16. Rxd8+ Bxd8 17. Bxe3 Na5 18. Nxa5 Qxa5 19. c4 Bf6 20. Rd1 h6 21. c5
Qc7 22. Qb5 Rb8 23. Qe8+ Kh7 24. Be4+ g6 25. Qf8 Bg7 26. Qd8 Be5 27. f4 Qxd8 28.
Rxd8 Bc7 29. Re8 e5 30. Re7 exf4 31. gxf4 Bg4 32. Rxf7+ Kg8 33. Rxc7 1-0

[Event "51. Miedzynarodowy Festiwal Szachowy im. Akiby Rubinsteina - OPEN B"]
[Site "Polanica-Zdroj"]
[Date "1899-12-30"]
[Round "1.11"]
[White "Mechlinski, Jakub"]
[Black "Dubinski, Mateusz"]
[Result "0-1"]
[WhiteTitle "II"]
[BlackTitle "CM"]
[WhiteElo "1603"]
[BlackElo "2207"]

1. e4 c5 2. Nf3 d6 3. c3 Nf6 4. h3 Nc6 5. Bd3 e5 6. O-O Be7 7. Bc2 d5 8. d3 O-O
9. Nbd2 h6 10. Re1 Qc7 11. Qe2 dxe4 12. Nxe4 Nd5 13. Bb3 Nf4 14. Bxf4 exf4 15.
Rad1 Bf5 16. d4 cxd4 17. Nxd4 Nxd4 18. Rxd4 g6 19. Qf3 Rad8 20. Red1 Qe5 21. Rxd8
Rxd8 22. Rxd8+ Bxd8 23. Bc2 b5 24. Qd1 Bb6 25. Qe2 Be6 26. Bd3 b4 27. cxb4 Bxa2
28. Nc3 Qxe2 29. Bxe2 Be6 30. Kf1 Kg7 31. Bf3 Bd4 32. Be2 f5 33. Nb5 Bb6 34. Bd3
Kf6 35. Ke2 Ke5 36. Nc3 g5 37. b5 Bb3 38. Ke1 g4 39. f3 h5 40. Ke2 Be3 41. Nd1
Bc1 42. Ke1 Be6 43. Kf1 Kd4 44. Ke2 Bd7 45. Nc3 Bxb2 46. Na4 Ba3 47. h4 Be7 48.
Kd2 Bxh4 49. b6 axb6 50. Nxb6 Be6 51. Be2 Bd8 52. Na4 Ba5+ 53. Kc1 g3 54. Nb2
h4 55. Bf1 Ke3 56. Nd1+ Kd4 57. Nb2 Bb3 58. Bd3 h3 0-1

[Event "51. Miedzynarodowy Festiwal Szachowy im. Akiby Rubinsteina - OPEN B"]
[Site "Polanica-Zdroj"]
[Date "1899-12-30"]
[Round "1.12"]
[White "Kanicki, Krzysztof"]
[Black "Sernecki, Franciszek"]
[Result "1-0"]
[WhiteTitle "k"]
[BlackTitle "I"]
[WhiteElo "2205"]
[BlackElo "1938"]

1. e4 e6 2. d4 d5 3. Nd2 dxe4 4. Nxe4 Nd7 5. Nf3 Ngf6 6. Bg5 Be7 7. Bxf6 Nxf6 8.
Bd3 O-O 9. Qe2 Nd5 10. g3 Nb4 11. Bc4 Bf6 12. a3 Nc6 13. O-O-O Qe7 14. h4 Rd8
15. Qe3 Rb8 16. g4 g6 17. h5 b5 18. Ba2 Bg7 19. hxg6 hxg6 20. g5 a5 21. Qf4 b4
22. a4 b3 23. cxb3 Nb4 24. Ne5 Bb7 25. Nf6+ Kf8 26. Rh7 Bg2 27. Qh2 1-0

[Event "51. Miedzynarodowy Festiwal Szachowy im. Akiby Rubinsteina - OPEN B"]
[Site "Polanica-Zdroj"]
[Date "1899-12-30"]
[Round "1.13"]
[White "Sujkowski, Pawel"]
[Black "Koziol, Kamil"]
[Result "0-1"]
[WhiteTitle "I++"]
[BlackTitle "k"]
[WhiteElo "1927"]
[BlackElo "2187"]

1. c4 e6 2. g3 Nf6 3. Bg2 d5 4. Nf3 c5 5. cxd5 exd5 6. d4 Nc6 7. O-O Be7 8. Nc3
O-O 9. Bf4 Bg4 10. Ne5 Be6 11. Nxc6 bxc6 12. dxc5 Bxc5 13. Rc1 Bd6 14. Bxd6 Qxd6
15. Na4 Rab8 16. b3 Nd7 17. Qd4 Nb6 18. Nc5 Rfe8 19. Rc2 Qe7 20. Rfc1 Bf5 21.
Nd3 Rbc8 22. e3 Qd6 23. Rc3 Bxd3 24. Qxd3 c5 25. Qb5 c4 26. a4 Red8 27. a5 Rc5
28. Qb4 Nd7 29. bxc4 Rb8 30. Qa3 dxc4 31. Bf1 Ne5 32. Be2 Rbc8 33. f4 Nd7 34.
Bg4 Qc6 35. Rd1 f5 36. Bh3 Nf6 37. Bg2 Qe6 38. Rd4 Rb5 39. h3 Rb1+ 40. Kh2 Ng4+
41. hxg4 Qh6+ 42. Bh3 fxg4 43. Rc1 Qxh3+ 44. Kg1 Qxg3+ 45. Kf1 Qf3+ 46. Kg1 g3
47. Rxb1 Qf2+ 48. Kh1 Qh2# 0-1

[Event "51. Miedzynarodowy Festiwal Szachowy im. Akiby Rubinsteina - OPEN B"]
[Site "Polanica-Zdroj"]
[Date "1899-12-30"]
[Round "1.14"]
[White "Salakhova, Gulnara"]
[Black "Kopaczewski, Adam"]
[Result "0-1"]
[WhiteTitle "WIM"]
[BlackTitle "I"]
[WhiteElo "2179"]
[BlackElo "1920"]

1. e4 e5 2. Nf3 Nc6 3. Bb5 a6 4. Ba4 d6 5. c3 f5 6. d3 Nf6 7. Qe2 fxe4 8. dxe4
Bg4 9. Nbd2 Be7 10. h3 Bh5 11. Bb3 Qd7 12. Nf1 Na5 13. Bc2 O-O 14. Ng3 Bxf3 15.
Qxf3 Kh8 16. Nf5 Rae8 17. O-O Bd8 18. Qe2 Nc6 19. a4 Ne7 20. Nh4 a5 21. b4 axb4
22. cxb4 Nc6 23. Nf3 Nxb4 24. Bb3 Na6 25. a5 Nc5 26. Bc2 Nh5 27. Ng5 Nf4 28. Bxf4
Rxf4 29. Qh5 Bxg5 30. Qxg5 Nxe4 31. Bxe4 Rxe4 32. Rfb1 c5 33. Qh5 Rf8 34. Rb6
Ref4 35. Rab1 R4f7 36. Qd1 Rxf2 37. Rxd6 Rf1+ 0-1

[Event "51. Miedzynarodowy Festiwal Szachowy im. Akiby Rubinsteina - OPEN B"]
[Site "Polanica-Zdroj"]
[Date "1899-12-30"]
[Round "1.15"]
[White "Witwicki, Pawel"]
[Black "Rozycki, Bartlomiej"]
[Result "0-1"]
[WhiteTitle "I+"]
[BlackTitle "k++"]
[WhiteElo "1914"]
[BlackElo "2169"]

1. d4 Nf6 2. Nf3 e6 3. c4 b6 4. Nc3 Bb4 5. Qc2 Bb7 6. e3 O-O 7. Bd3 d5 8. Bd2 dxc4
9. Bxc4 c5 10. a3 Bxc3 11. Bxc3 Nbd7 12. dxc5 Nxc5 13. Rd1 Qe7 14. b4 Be4 15.
Qe2 Na4 16. Ba1 a5 17. O-O axb4 18. axb4 Qxb4 19. Bxf6 gxf6 20. Rd4 Nc3 21. Qd2
Qa5 22. Nh4 b5 23. Bb3 Rfd8 24. Kh1 e5 25. Rd7 Bd5 26. Rxd8+ Rxd8 27. Bxd5 Rxd5
28. Qc2 e4 29. f3 b4 30. fxe4 Qb5 31. Ra1 Rd8 32. Nf5 Qc4 33. Qf2 Nxe4 34. Qf4
Qe6 35. h4 Qxf5 0-1

[Event "51. Miedzynarodowy Festiwal Szachowy im. Akiby Rubinsteina - OPEN B"]
[Site "Polanica-Zdroj"]
[Date "1899-12-30"]
[Round "1.19"]
[White "Nowak, Lukasz"]
[Black "Gajzner, Ryszard"]
[Result "1-0"]
[WhiteTitle "k"]
[BlackTitle "II+"]
[WhiteElo "2113"]
[BlackElo "1762"]

1. e4 c5 2. Nf3 d6 3. d4 cxd4 4. Nxd4 Nf6 5. Nc3 a6 6. g3 e6 7. Bg2 Nc6 8. O-O
Bd7 9. Be3 Be7 10. a4 h5 11. h3 Qc8 12. Nxc6 Bxc6 13. a5 h4 14. g4 Nd7 15. Qd2
Qc7 16. Rfd1 Rc8 17. Bg5 f6 18. Be3 Ne5 19. Bb6 Qb8 20. b3 O-O 21. Ne2 Be8 22.
f4 Nd7 23. Bf2 Qc7 24. Nd4 Bf7 25. Bxh4 d5 26. exd5 exd5 27. Nf5 Bc5+ 28. Kh1
Rfd8 29. Bxd5 Ne5 30. Qg2 Ng6 31. Bxf7+ Kxf7 32. Bg3 Nxf4 33. Bxf4 Qxf4 34. Rxd8
Rxd8 35. Qxb7+ 1-0

[Event "51. Miedzynarodowy Festiwal Szachowy im. Akiby Rubinsteina - OPEN B"]
[Site "Polanica-Zdroj"]
[Date "1899-12-30"]
[Round "2.1"]
[White "Antoniewski, Rafal"]
[Black "Wisniewski, Michal"]
[Result "1-0"]
[WhiteTitle "GM"]
[BlackTitle "k"]
[WhiteElo "2531"]
[BlackElo "2133"]

1. Nf3 Nf6 2. c4 g6 3. Nc3 d5 4. cxd5 Nxd5 5. Qb3 Nb6 6. d4 Bg7 7. Bf4 Be6 8. Qa3
Nc6 9. e3 O-O 10. Be2 a5 11. Qc5 Nd7 12. Qb5 Nb4 13. O-O Nb6 14. a3 c6 15. Qc5
N4d5 16. Nxd5 Nxd5 17. Bg3 Qb6 18. Qc2 Nf6 19. Nd2 Rac8 20. Rfc1 Rfd8 21. b4 Bf5
22. Qd1 Ne4 23. Nc4 Qa7 24. Bh4 g5 25. Bg4 e6 26. Bxf5 exf5 27. Bg3 f4 28. Qf3
f5 29. Bxf4 gxf4 30. Qxf4 Rd5 31. Nxa5 Qb8 32. Qxb8 Rxb8 33. g3 Bf6 34. Ra2 Kf7
35. Kg2 Nd6 36. Nb3 f4 37. gxf4 Rh5 38. Kh1 Nf5 39. Nd2 Ra8 40. Nf3 Rh3 41. Ng1
Rh5 42. Rc5 Be7 43. Rcc2 Nd6 44. Nf3 Ne4 45. a4 Ke6 46. Ne5 Bxb4 47. Rcb2 Nc3
48. Ra1 Nd5 49. Rab1 Rxa4 50. Nd3 Bd6 51. Rxb7 Ra3 52. R7b3 Ra2 53. R3b2 Ra3 54.
Rb3 Ra2 55. R1b2 Ra1+ 56. Kg2 Rh6 57. Rc2 Ne7 58. e4 Rg6+ 59. Kf3 Rh6 60. f5+
Kd7 61. e5 Rxh2 62. Rb7+ Kc8 63. exd6 Nxf5 64. d7+ Kd8 65. Nc5 Nxd4+ 66. Ke4 Ra8
67. Kxd4 1-0

[Event "51. Miedzynarodowy Festiwal Szachowy im. Akiby Rubinsteina - OPEN B"]
[Site "Polanica-Zdroj"]
[Date "1899-12-30"]
[Round "2.2"]
[White "Psyk, Radoslaw"]
[Black "Malaniuk, Vladimir P"]
[Result "0-1"]
[WhiteTitle "k"]
[BlackTitle "GM"]
[WhiteElo "2128"]
[BlackElo "2485"]

1. f4 e5 2. fxe5 d6 3. exd6 Bxd6 4. Nf3 Nf6 5. d4 Bf5 6. Bg5 h6 7. Bxf6 Qxf6 8.
Nc3 Qe7 9. Qd2 g5 10. g3 Nc6 11. O-O-O O-O-O 12. Bg2 Bb4 13. e3 Na5 14. b3 Nc4
15. Qe1 Nxe3 16. Bf1 Bxc2 17. Ne5 Qxe5 18. Bh3+ Kb8 19. Kb2 Rxd4 20. a3 Rxd1 21.
axb4 Rxe1 22. Rxe1 Nd1+ 23. Kxc2 Qxc3+ 24. Kxd1 Rd8+ 25. Ke2 Re8+ 26. Kf2 Qxe1+
0-1

[Event "51. Miedzynarodowy Festiwal Szachowy im. Akiby Rubinsteina - OPEN B"]
[Site "Polanica-Zdroj"]
[Date "1899-12-30"]
[Round "2.3"]
[White "Sergeev, Vladimir"]
[Black "Nowak, Kamil"]
[Result "1-0"]
[WhiteTitle "GM"]
[BlackTitle "I+"]
[WhiteElo "2452"]
[BlackElo "2133"]

1. Nf3 d5 2. d3 Nf6 3. Nbd2 Bf5 4. Nh4 Bg4 5. h3 Bh5 6. g4 Bg6 7. e3 e6 8. Bg2
Be7 9. Qe2 c5 10. O-O Nc6 11. f4 Nd7 12. Nxg6 hxg6 13. c4 dxc4 14. dxc4 Qc7 15.
b3 f5 16. Bb2 Bf6 17. Nf3 O-O-O 18. Rad1 Kb8 19. a3 Ka8 20. b4 cxb4 21. axb4 Nxb4
22. g5 Bxb2 23. Qxb2 Na6 24. Qxg7 Rhg8 25. Qa1 Qb6 26. Rd4 Nac5 27. Rb1 Qc7 28.
Rd2 a6 29. Nd4 e5 30. Ne6 Nxe6 31. Qxa6+ Kb8 32. Rxb7+ Kc8 33. Rb8+ Kxb8 34. Qa8#
1-0

[Event "51. Miedzynarodowy Festiwal Szachowy im. Akiby Rubinsteina - OPEN B"]
[Site "Polanica-Zdroj"]
[Date "1899-12-30"]
[Round "2.4"]
[White "Nasuta, Grzegorz"]
[Black "Pultorak, Jan"]
[Result "1-0"]
[WhiteTitle "FM"]
[BlackTitle "I+"]
[WhiteElo "2372"]
[BlackElo "2126"]

1. e4 c5 2. Nf3 d6 3. d4 Nf6 4. Nc3 cxd4 5. Nxd4 a6 6. f3 e6 7. Be3 b5 8. Qd2 Nbd7
9. g4 Nb6 10. a4 Nc4 11. Bxc4 bxc4 12. a5 Bb7 13. Na4 d5 14. g5 Nd7 15. O-O-O
dxe4 16. fxe4 e5 17. Nf5 Bxe4 18. Rhf1 g6 19. Nd6+ Bxd6 20. Qxd6 Qe7 21. Qxe7+
Kxe7 22. Rxd7+ Kxd7 23. Nc5+ Ke7 24. Nxe4 Rhd8 25. Bc5+ Ke6 26. Bb6 Rd5 27. Rf6+
Ke7 28. Bc5+ Ke8 29. Rf1 Kd8 30. Rxf7 Rc8 31. Bb6+ Ke8 32. Rxh7 1-0

[Event "51. Miedzynarodowy Festiwal Szachowy im. Akiby Rubinsteina - OPEN B"]
[Site "Polanica-Zdroj"]
[Date "1899-12-30"]
[Round "2.5"]
[White "Sanz Wawer, Daniel"]
[Black "Stoma, Pawel"]
[Result "0-1"]
[WhiteTitle "I+"]
[BlackTitle "m"]
[WhiteElo "2102"]
[BlackElo "2346"]

1. d4 Nf6 2. Nf3 d5 3. c4 c6 4. e3 a6 5. Bd3 b5 6. b3 Bg4 7. Nbd2 e6 8. Qc2 Be7
9. Bb2 Bh5 10. cxb5 cxb5 11. Rc1 O-O 12. Ne5 Kh8 13. h3 Bd6 14. O-O Nfd7 15. f4
f6 16. Nxd7 Nxd7 17. Nf3 Bxf3 18. Rxf3 f5 19. Rf2 Nf6 20. Qd1 Qd7 21. Rfc2 Rg8
22. h4 h6 23. Qf3 g5 24. hxg5 hxg5 25. g3 gxf4 26. Rh2+ Nh7 27. exf4 Rxg3+ 28.
Qxg3 Rg8 29. Qxg8+ Kxg8 30. Rf1 Kf8 31. Rf3 Nf6 32. Rg2 Qh7 33. Be2 Qh4 34. Rh2
Qe1+ 35. Bf1 Qe4 36. Rd3 Ng4 0-1

[Event "51. Miedzynarodowy Festiwal Szachowy im. Akiby Rubinsteina - OPEN B"]
[Site "Polanica-Zdroj"]
[Date "1899-12-30"]
[Round "2.6"]
[White "Sabuk, Piotr"]
[Black "Leks, Maria"]
[Result "1/2-1/2"]
[WhiteTitle "k+"]
[BlackTitle "WCM"]
[WhiteElo "2340"]
[BlackElo "2101"]

1. d4 d6 2. c4 e5 3. Nf3 Nd7 4. Nc3 Ngf6 5. g3 g6 6. Bg2 Bg7 7. O-O O-O 8. h3 h6
9. Qc2 c6 10. Rd1 Qc7 11. e4 a5 12. c5 dxc5 13. dxe5 Nh7 14. Nh4 Nxe5 15. f4 g5
16. Nf5 Bxf5 17. exf5 Nc4 18. Ne4 b5 19. fxg5 hxg5 20. Kh2 Be5 21. Qf2 Rad8 22.
Bxg5 Rxd1 23. Rxd1 Nxb2 24. Rb1 Nxg5 25. Nxg5 Qd8 26. h4 Qd4 27. Qf3 Qxh4+ 28.
Nh3 Qh6 29. Re1 f6 30. Re4 Rf7 31. Rxe5 fxe5 32. g4 Rh7 33. Qxc6 Qxc6 34. Bxc6
c4 35. f6 Nd3 36. Bxb5 Nf4 37. Bxc4+ Kf8 38. Bf1 e4 39. Kg3 Nxh3 40. Bxh3 Kf7
41. Bg2 e3 42. g5 e2 43. Bd5+ Kg6 44. Kf2 Rd7 45. Bc4 Kxg5 46. f7 Rd8 47. Kxe2
Kf6 48. Ke3 Ke5 49. Bb5 Rh8 50. Be8 Rh3+ 51. Ke2 Rh8 52. Kd3 Kd5 53. a4 Rh3+ 54.
Ke2 Rh8 55. Kf3 Ke5 56. Kg4 Kf6 57. Kf4 Rh4+ 58. Kg3 Rh8 59. Kg4 Rf8 1/2-1/2

[Event "51. Miedzynarodowy Festiwal Szachowy im. Akiby Rubinsteina - OPEN B"]
[Site "Polanica-Zdroj"]
[Date "1899-12-30"]
[Round "2.7"]
[White "Kulas, Szymon"]
[Black "Panas, Pawel"]
[Result "0-1"]
[WhiteTitle "k"]
[BlackTitle "k"]
[WhiteElo "2266"]
[BlackElo "2100"]

1. c4 e6 2. g3 Nf6 3. Bg2 d5 4. Qc2 c5 5. Nf3 Nc6 6. O-O Be7 7. a3 O-O 8. e3 dxc4
9. Qxc4 a6 10. d4 cxd4 11. exd4 Bd7 12. b4 Rc8 13. Qb3 Qb6 14. Qb2 Rfd8 15. Nbd2
Be8 16. Nc4 Qa7 17. Be3 Nd5 18. Nce5 Bf6 19. Ng4 Be7 20. Rac1 Qb8 21. Qb1 Na7
22. Ng5 Bxg5 23. Bxg5 f6 24. Bxd5 exd5 25. Bf4 Qa8 26. Qf5 Nc6 27. Nxf6+ gxf6
28. Qxf6 Bg6 29. Qe6+ Kg7 30. Bg5 Rf8 31. f4 Rce8 32. Qh3 Nxd4 33. Rc7+ Kg8 34.
Qd7 Rf7 35. Qxd5 Ne6 36. Rxf7 Bxf7 37. Bf6 Qa7+ 38. Kh1 Qe3 39. Qf3 Qxf3+ 40.
Rxf3 Ng5 41. Rf1 Bd5+ 0-1

[Event "51. Miedzynarodowy Festiwal Szachowy im. Akiby Rubinsteina - OPEN B"]
[Site "Polanica-Zdroj"]
[Date "1899-12-30"]
[Round "2.8"]
[White "Zareba, Radoslaw"]
[Black "Kocwin, Bartosz"]
[Result "1-0"]
[WhiteTitle "I"]
[BlackTitle "FM"]
[WhiteElo "2071"]
[BlackElo "2250"]

1. e4 c5 2. Nf3 d6 3. d4 cxd4 4. Nxd4 Nf6 5. Nc3 a6 6. f3 e5 7. Nb3 Be6 8. Be3
Be7 9. Qd2 Nbd7 10. g4 O-O 11. O-O-O b5 12. Kb1 b4 13. Nd5 Bxd5 14. exd5 a5 15.
h4 Nb6 16. Bxb6 Qxb6 17. g5 Nh5 18. Bd3 a4 19. Nc1 a3 20. b3 g6 21. Be4 Rac8 22.
Ne2 f5 23. gxf6 Rxf6 24. Rdg1 Bf8 25. Ng3 Nf4 26. h5 Bg7 27. hxg6 hxg6 28. Rd1
Qc5 29. Rde1 Rb8 30. Qe3 Qc7 31. Qd2 Rb5 32. Ne2 Rb8 33. Ng3 Qc5 34. Qe3 Qc7 35.
Qd2 Rff8 36. Ne2 Qf7 37. Reg1 Qf6 38. Rg4 Rfc8 39. Rhg1 Rc7 40. Rxg6 Nxg6 41.
Rxg6 Qh4 42. Rxd6 Rf7 43. Rg6 Qf2 44. d6 Rxf3 45. Bxf3 Qxf3 46. Qg5 Qf7 47. Ng3
Rf8 48. Nf5 Rb8 49. Ng3 Kf8 50. Nf5 Bh8 51. Qh6+ Ke8 52. Re6+ 1-0

[Event "51. Miedzynarodowy Festiwal Szachowy im. Akiby Rubinsteina - OPEN B"]
[Site "Polanica-Zdroj"]
[Date "1899-12-30"]
[Round "2.10"]
[White "Zolnierowicz, Krzysztof"]
[Black "Kanicki, Krzysztof"]
[Result "1-0"]
[WhiteTitle "IM"]
[BlackTitle "k"]
[WhiteElo "2043"]
[BlackElo "2205"]

1. e4 c5 2. Nf3 Nc6 3. Bb5 g6 4. O-O Bg7 5. c3 Nf6 6. Re1 O-O 7. h3 e5 8. d4 cxd4
9. cxd4 exd4 10. e5 Nd5 11. Bg5 Qc7 12. Nbd2 d6 13. Bc4 Nb6 14. exd6 Qxd6 15.
Ne4 Qc7 16. Bb3 Be6 17. Bxe6 fxe6 18. Nc5 Qf7 19. Nxe6 Rfe8 20. Nxg7 Qxg7 21.
Qd3 Ne5 22. Qb3+ Nec4 23. Rad1 d3 24. Nd2 Qf7 25. Ne4 Re6 26. Rxd3 Rae8 27. Nf6+
Kh8 28. Rxe6 Rxe6 29. Rd8+ Kg7 30. Rg8+ Qxg8 31. Nxg8 Kxg8 32. Qf3 Nd6 33. g4
Nf7 34. Be3 Rc6 35. Bd4 Ng5 36. Qa3 Kf7 37. Be3 Nxh3+ 38. Kg2 Nc4 39. Qxa7 Nxe3+
40. Qxe3 1-0